Diario Oficial de las Comunidades Europeas. Comunicaciones e Informaciones [ (Record no. 5367)

MARC details
000 -LEADER
campo de control de longitud fija 00730nas a2200229 i 4500
001 - NÚMERO DE CONTROL
campo de control 5367
003 - IDENTIFICADOR DE NÚMERO DE CONTROL
campo de control ES-MaACL
005 - FECHA Y HORA DE LA ÚLTIMA TRANSACCIÓN
campo de control 20230908124504.0
007 - CAMPO FIJO DE DESCRIPCIÓN FÍSICA--INFORMACIÓN GENERAL
campo de control de longitud fija h
008 - DATOS DE LONGITUD FIJA--INFORMACIÓN GENERAL
campo de control de longitud fija 900509m1989 lu | b |0010||pa d
080 ## - NÚMERO DE LA CLASIFICACIÓN DECIMAL UNIVERSAL
Número de la Clasificación Decimal Universal 05(435.9)
080 ## - NÚMERO DE LA CLASIFICACIÓN DECIMAL UNIVERSAL
Número de la Clasificación Decimal Universal 341.232.3(4)(05)
245 00 - MENCIÓN DEL TÍTULO
Título Diario Oficial de las Comunidades Europeas. Comunicaciones e Informaciones [
Medio Microforma].
250 ## - MENCION DE EDICION
Mención de edición Ed. española.
260 ## - PUBLICACIÓN, DISTRIBUCIÓN, ETC.
Lugar de publicación, distribución, etc. Luxemburg :
Nombre del editor, distribuidor, etc. Oficina de Publicaciones Oficiales de las Comunidades Europeas,
Fecha de publicación, distribución, etc. 1989-
300 ## - DESCRIPCIÓN FÍSICA
Extensión microfichas :
Otras características físicas negativo.
500 ## - NOTA GENERAL
Nota general Periodicidad diaria.
710 2# - ENTRADA AGREGADA--NOMBRE DE ENTIDAD CORPORATIVA
Nombre de entidad corporativa o nombre de jurisdicción como elemento de entrada Comunidades Europeas.
9 (RLIN) 3139
852 ## - LOCALIZACIÓN
Ubicación ES-MaACL
Número de control de estantería MCF-69
itemnumber 5484
Ubicación en estantería Depósito 1
942 ## - ELEMENTOS DE ENTRADA SECUNDARIOS (KOHA)
Fuente del sistema de clasificación o colocación Clasificación decimal universal
Tipo de ítem Koha Microforma
Holdings
Estatus retirado Estado de pérdida Fuente del sistema de clasificación o colocación Estado de daño No para préstamo Colección Biblioteca de origen Biblioteca actual Ubicación en estantería Fecha de adquisición Total de préstamos Signatura topográfica completa Código de barras Visto por última vez Precio de reemplazo Tipo de ítem Koha
    Clasificación decimal universal     Periódicos y Revistas Biblioteca del Ateneo de Madrid Biblioteca del Ateneo de Madrid Depósito 1 17/01/2008   MCF-69 1005430 23/02/2023 23/02/2023 Microforma